[Event "IRI-ch U14"]
[Site "Chess.com INT"]
[Date "2021.01.16"]
[Round "5"]
[White "Hashemi Zadeh, Seyyed Kasra"]
[Black "Jafarpour, Mobin"]
[Result "1-0"]
[WhiteElo "1442"]
[BlackElo "1126"]
[PlyCount "83"]
[EventDate "2021.01.16"]
[EventType "swiss"]
[EventRounds "11"]
[EventCountry "IRI"]
[SourceTitle "EXT 2022"]
[Source "ChessBase"]
[SourceDate "2021.10.06"]
[SourceVersion "1"]
[SourceVersionDate "2021.10.06"]
[SourceQuality "1"]

1. e4 d5 2. exd5 Nf6 3. d4 Nxd5 4. c4 Nf6 5. Nc3 Bf5 6. Nf3 e6 7. Bd3 Bxd3 8. Qxd3 c6 9. 0-0 Be7 10. Bf4 Nbd7 11. Rfe1 h6 12. d5 Nc5 13. Qd2 0-0 14. d6 Bxd6 15. Bxd6 Re8 16. Bxc5 Qa5 17. b4 Qc7 18. Rad1 Rad8 19. Qe2 b6 20. Bd4 c5 21. Bxf6 gxf6 22. bxc5 Qxc5 23. Ne4 Qf5 24. Nd6 Rxd6 25. Rxd6 Kh7 26. Red1 Rg8 27. g3 Qg4 28. Nd4 Qg6 29. Qd3 f5 30. Nf3 h5 31. Rd7 Rg7 32. Qd6 Qf6 33. Qe5 Qh6 34. Rxa7 h4 35. Rdd7 Qh5 36. Qf4 h3 37. Qh4 Qxh4 38. Nxh4 Rg4 39. Rxf7+ Kg8 40. Rfb7 Rxc4 41. Rb8+ Rc8 42. Rxc8# 1-0

[Event "IRI-ch U14"]
[Site "Chess.com INT"]
[Date "2021.01.16"]
[Round "10"]
[White "Salehi Pour, Eilia"]
[Black "Hashemi Zadeh, Seyyed Kasra"]
[Result "0-1"]
[WhiteElo "1712"]
[BlackElo "1442"]
[PlyCount "168"]
[EventDate "2021.01.16"]
[EventType "swiss"]
[EventRounds "11"]
[EventCountry "IRI"]
[SourceTitle "EXT 2022"]
[Source "ChessBase"]
[SourceDate "2021.10.06"]
[SourceVersion "1"]
[SourceVersionDate "2021.10.06"]
[SourceQuality "1"]

1. e4 c5 2. Nf3 e6 3. d4 cxd4 4. Nxd4 Nf6 5. Nc3 d6 6. Be2 Be7 7. 0-0 Nc6 8. f4 0-0 9. Be3 a6 10. Bf3 Qc7 11. Qe1 Re8 12. Rd1 Bd7 13. Qg3 Rac8 14. Kh1 b5 15. a3 Bf8 16. f5 e5 17. Nb3 b4 18. axb4 Nxb4 19. Bg5 Be7 20. Ra1 Bc6 21. Rfd1 Bb7 22. h4 Nxc2 23. Rac1 Qb6 24. Rxc2 Qxb3 25. Rcd2 Kh8 26. h5 h6 27. Bxf6 Bxf6 28. Rxd6 Qxb2 29. Na4 Qb4 30. Rb6 Qxa4 31. Rxb7 Rc3 32. Qe1 Rcc8 33. Rxf7 Red8 34. Ra1 Qb5 35. Qg3 Qb2 36. Qe1 Rc2 37. Rb1 Qd4 38. Qa5 Rdc8 39. Rd1 Rc1 40. Rf8+ Kh7 41. Rxc8 Rxd1+ 42. Bxd1 Qxd1+ 43. Kh2 Qxh5+ 44. Kg1 Qd1+ 45. Kf2 Qd4+ 46. Kf1 Qd3+ 47. Kg1 Qd1+ 48. Kf2 Qd4+ 49. Ke2 Qxe4+ 50. Kd1 Qg4+ 51. Kc1 Qxf5 52. Qxa6 Bg5+ 53. Kb2 Qf2+ 54. Rc2 Qd4+ 55. Kb1 Qd1+ 56. Kb2 e4 57. Qc4 Bf6+ 58. Kb3 Qb1+ 59. Ka4 Qa1+ 60. Ra2 Qd4 61. Qxd4 Bxd4 62. Re2 e3 63. Kb4 Kg6 64. Kc4 Bb6 65. Rb2 Bc7 66. Kd3 Bf4 67. Ke4 Bg5 68. Rb6+ Kh5 69. Kf3 Kh4 70. Re6 Kh5 71. Kg3 Bh4+ 72. Kh3 Bf2 73. Re5+ Kg6 74. Kg4 Kf6 75. Re4 g6 76. Kf3 h5 77. Ra4 g5 78. Ra2 Kf5 79. Ra5+ Kf6 80. Ra6+ Kf5 81. Ra5+ Kg6 82. Re5 g4+ 83. Ke2 h4 84. Kf1 Kh6 0-1